| 000 | 01056nam a22002537a 4500 | ||
|---|---|---|---|
| 005 | 20170124102957.0 | ||
| 010 | _aB-247078 | ||
| 020 |
_c160.00 _a8189914421 |
||
| 035 | _aB-247078 | ||
| 037 | _bCen Lib/Ret | ||
| 040 |
_aDPL _bHN |
||
| 082 |
_a821 _bजैनसु |
||
| 100 |
_aजैन, सुनीता _953422 |
||
| 245 |
_aजाने लड़की पगली / _cसुनीता जैन |
||
| 246 |
_aJaane ladki pagli / _bby Suneeta Jain |
||
| 260 |
_aनोएडा _bरेमाधव पब्लिकेशन्स _c2007 |
||
| 270 |
_bउत्तर प्रदेश _aसी-94, सेक्टर-63, गौतमबुद्ध नगर _e201301 |
||
| 300 |
_a163पृ. : _c20सेमी (अजिल्द) _bसचित्र |
||
| 650 |
_aहिन्दी -- साहित्य _953423 |
||
| 650 |
_aहिन्दी -- कविताएँ _953424 |
||
| 650 |
_aHindi -- literature _953425 |
||
| 650 |
_aHindi -- Poems _953426 |
||
| 942 |
_2ddc _cHN _h821 _mजैनसु |
||
| 999 |
_c113685 _d113685 |
||